000 00994nam a2200289 a 4500
001 000046666
003 DO-SdBNP
005 20240302073951.0
007 ta
008 110211e2014 dr a br 000 edspa d
020 _a9789945468243
040 _aDO-SdBNP
_bspa
_cBNPHU
082 4 _a923.57293
_bP977C, 2014
_222
100 1 _aCassá, Roberto,
_d1948-
_910888
245 1 0 _aJosé Joaquín Puello :
_btributo del pueblo /
_cRoberto Cassá ; ilustraciones, José Mercader.
250 _a2º ed.
260 _aSanto Domingo :
_bTobogán,
_c2014
300 _a44 p. :
_bil. ;
_c23 cm.
490 1 _aBiografías Dominicanas Tobogán ;
500 _aIncluye datos biografícos del autor e ilustrador.
504 _aBibliografía: p. 41
590 _aInventariado, 2018/ YL
600 1 4 _aPuello y Castro, José Joaquín,
_d1808-1847
_913494
651 4 _aRepública Dominicana
_xHistoria
_vOcupación Haitiana
_y1822-1844
_97666
700 1 _aMercader, José
_eil.
_956560
942 _2ddc
_cLFDS
999 _c46155
_d46155